بقايا البيت الذي دخلناه مرة واحدة : شعر / (رقم التسجيلة. 122535)
[ عرض عادي ]
| 000 -LEADER | |
|---|---|
| fixed length control field | 00578nam a22001937a 4500 |
| 005 - DATE AND TIME OF LATEST TRANSACTION | |
| control field | 20251108174946.0 |
| 008 - FIXED-LENGTH DATA ELEMENTS--GENERAL INFORMATION | |
| fixed length control field | 250721s2004 xx 000 0 ara d |
| 020 ## - INTERNATIONAL STANDARD BOOK NUMBER | |
| International Standard Book Number | 9957091816 |
| 082 14 - DEWEY DECIMAL CLASSIFICATION NUMBER | |
| Classification number | 811.9611/فاي |
| 100 1# - MAIN ENTRY--PERSONAL NAME | |
| Personal name | فايزه، ميلاد |
| 245 10 - TITLE STATEMENT | |
| Title | بقايا البيت الذي دخلناه مرة واحدة : شعر / |
| 264 1# - PRODUCTION, PUBLICATION, DISTRIBUTION, MANUFACTURE, AND COPYRIGHT NOTICE | |
| Place of production, publication, distribution, manufacture | عمان : |
| Name of producer, publisher, distributor, manufacturer | أزمنة للنشر والتوزيع، |
| Date of production, publication, distribution, manufacture, or copyright notice | 2004. |
| 300 ## - PHYSICAL DESCRIPTION | |
| Extent | 74ص. |
| 650 17 - SUBJECT ADDED ENTRY--TOPICAL TERM | |
| Topical term or geographic name as entry element | الشعر العربي |
| 650 17 - SUBJECT ADDED ENTRY--TOPICAL TERM | |
| Topical term or geographic name as entry element | العصر الحديث |
| 650 17 - SUBJECT ADDED ENTRY--TOPICAL TERM | |
| Topical term or geographic name as entry element | تونس |
| 942 ## - ADDED ENTRY ELEMENTS (KOHA) | |
| Source of classification or shelving scheme | Dewey Decimal Classification |
| Koha item type | كتب |
| حالة السحب | حالة الفقدان | مصدر التصنيف | حالة التلف | غير قابل للإعارة | المكتبة الرئيسية | المكتبة الحالية | موقع الرف | تاريخ التزويد | الرقم المتسلسل | Total Checkouts | رقم الإستدعاء | الباركود | تاريخ آخر ظهور | تاريخ الفاتورة | نوع المادة (كوها) |
|---|---|---|---|---|---|---|---|---|---|---|---|---|---|---|---|
| Dewey Decimal Classification | المكتبة المركزية | المكتبة المركزية | الإعارة | 28/07/2025 | 1431140 | 811.9611/فاي | PLD00182222 | 28/07/2025 | 28/07/2025 | كتب | |||||
| Dewey Decimal Classification | مكتبة أبو علندا العامة | مكتبة أبو علندا العامة | الإعارة | 24/01/2011 | 1431144 | 811.9611/فاي | PLD00184519 | 28/07/2025 | 24/01/2011 | كتب | |||||
| Dewey Decimal Classification | مكتبة أم قصير والمقابلين العامة | مكتبة أم قصير والمقابلين العامة | الإعارة | 24/01/2011 | 1431147 | 811.9611/فاي | PLD00184522 | 28/07/2025 | 24/01/2011 | كتب | |||||
| Dewey Decimal Classification | مكتبة الأميرة ايمان العامة | مكتبة الأميرة ايمان العامة | الإعارة | 24/01/2011 | 1431143 | 811.9611/فاي | PLD00184518 | 28/07/2025 | 24/01/2011 | كتب | |||||
| Dewey Decimal Classification | مكتبة الاميرة بديعة | مكتبة الاميرة بديعة | الإعارة | 24/01/2011 | 1431150 | 811.9611/فاي | PLD00184525 | 28/07/2025 | 24/01/2011 | كتب | |||||
| Dewey Decimal Classification | مكتبة الجويدة | مكتبة الجويدة | الإعارة | 24/01/2011 | 1431151 | 811.9611/فاي | PLD00184526 | 28/07/2025 | 24/01/2011 | كتب | |||||
| Dewey Decimal Classification | مكتبة الراية الهاشمية للأطفال | مكتبة الراية الهاشمية للأطفال | الإعارة | 10/02/2015 | 1592282 | 811.9611/فاي | PLD00316110 | 28/07/2025 | 10/02/2015 | كتب | |||||
| Dewey Decimal Classification | مكتبة صويلح العامة | مكتبة صويلح العامة | الإعارة | 24/01/2011 | 1431153 | 811.9611/فاي | PLD00184528 | 28/07/2025 | 24/01/2011 | كتب |